<?xml version="1.0" encoding="UTF-8"?>
<record
    xmlns:xsi="http://www.w3.org/2001/XMLSchema-instance"
    xsi:schemaLocation="http://www.loc.gov/MARC21/slim http://www.loc.gov/standards/marcxml/schema/MARC21slim.xsd"
    xmlns="http://www.loc.gov/MARC21/slim">

  <leader>00793nam a22001817a 4500</leader>
  <controlfield tag="005">20240812164816.0</controlfield>
  <datafield tag="010" ind1=" " ind2=" ">
    <subfield code="a">HIN-128149</subfield>
  </datafield>
  <datafield tag="020" ind1=" " ind2=" ">
    <subfield code="c">200.00</subfield>
    <subfield code="a">9789360135461</subfield>
  </datafield>
  <datafield tag="035" ind1=" " ind2=" ">
    <subfield code="a">HN-100495</subfield>
  </datafield>
  <datafield tag="037" ind1=" " ind2=" ">
    <subfield code="b">DBAD</subfield>
  </datafield>
  <datafield tag="082" ind1=" " ind2=" ">
    <subfield code="a">821</subfield>
    <subfield code="2">1</subfield>
  </datafield>
  <datafield tag="100" ind1=" " ind2=" ">
    <subfield code="a">&#x92D;&#x91F;&#x94D;&#x91F;, &#x917;&#x94B;&#x92A;&#x93E;&#x932;, &#x915;&#x943;&#x937;&#x923;</subfield>
    <subfield code="9">69880</subfield>
  </datafield>
  <datafield tag="245" ind1=" " ind2=" ">
    <subfield code="a">&#x907;&#x902;&#x926;&#x94D;&#x930;&#x93E; &#x927;&#x928;&#x941;&#x937; &#x92C;&#x928; &#x91C;&#x93E;&#x90A;&#x901; &#x92E;&#x947;&#x902;/</subfield>
    <subfield code="c">&#x917;&#x94B;&#x92A;&#x93E;&#x932; &#x915;&#x943;&#x937;&#x94D;&#x923; &#x92D;&#x91F;&#x94D;&#x91F;</subfield>
  </datafield>
  <datafield tag="260" ind1=" " ind2=" ">
    <subfield code="a">&#x915;&#x94B;&#x91F;&#x93E; , &#x930;&#x93E;&#x91C;&#x938;&#x94D;&#x925;&#x93E;&#x928;</subfield>
    <subfield code="b">&#x917;&#x94B;&#x92A;&#x93E;&#x932; &#x915;&#x943;&#x937;&#x94D;&#x923; &#x92D;&#x91F;&#x94D;&#x91F; '&#x906;&#x915;&#x941;&#x932;'</subfield>
    <subfield code="c">2023</subfield>
  </datafield>
  <datafield tag="270" ind1=" " ind2=" ">
    <subfield code="a">817, &#x92E;&#x939;&#x93E;&#x935;&#x940;&#x930; &#x928;&#x917;&#x930;- 11, </subfield>
    <subfield code="b">&#x915;&#x94B;&#x91F;&#x93E;- 324005, &#x930;&#x93E;&#x91C;&#x938;&#x94D;&#x925;&#x93E;&#x928;</subfield>
    <subfield code="k">7728834817</subfield>
  </datafield>
  <datafield tag="300" ind1=" " ind2=" ">
    <subfield code="a">116&#x92A;&#x943;.</subfield>
    <subfield code="c">22 &#x938;&#x947;&#x92E;&#x940; (&#x938;&#x91C;&#x93F;&#x932;&#x94D;&#x926;)</subfield>
  </datafield>
  <datafield tag="942" ind1=" " ind2=" ">
    <subfield code="c">HN</subfield>
    <subfield code="2">ddc</subfield>
    <subfield code="h">821</subfield>
    <subfield code="m">&#x92D;&#x91F;&#x94D;&#x91F;&#x917;&#x94B;&#x902;</subfield>
    <subfield code="e">1</subfield>
  </datafield>
  <datafield tag="999" ind1=" " ind2=" ">
    <subfield code="c">204994</subfield>
    <subfield code="d">204994</subfield>
  </datafield>
  <datafield tag="952" ind1=" " ind2=" ">
    <subfield code="0">0</subfield>
    <subfield code="1">0</subfield>
    <subfield code="4">0</subfield>
    <subfield code="7">0</subfield>
    <subfield code="8">NFIC</subfield>
    <subfield code="a">BL1</subfield>
    <subfield code="b">BL1</subfield>
    <subfield code="d">2024-08-12</subfield>
    <subfield code="e">DBAD</subfield>
    <subfield code="g">200.00</subfield>
    <subfield code="l">0</subfield>
    <subfield code="o">821 &#x92D;&#x91F;&#x94D;&#x91F;&#x917;&#x94B;&#x902;</subfield>
    <subfield code="p">HN-100495</subfield>
    <subfield code="r">2024-08-12 00:00:00</subfield>
    <subfield code="t">1</subfield>
    <subfield code="v">200.00</subfield>
    <subfield code="w">2024-08-12</subfield>
    <subfield code="y">HN</subfield>
  </datafield>
</record>
